| 000 | 00743nam a2200229 a 4500 | ||
|---|---|---|---|
| 008 | 951213s1978||||[C 0 slo c | ||
| 020 |
_c160 Kčs. _q(30000 výtl.) |
||
| 040 |
_aSNK _bslo _cSNK _eAACR2 |
||
| 041 | 1 |
_acze _hspa |
|
| 080 | _a730/75.033.1/.4(100)(091)(084.1) | ||
| 080 | _a72.033.1/.4(100)(091)(084.1) | ||
| 100 | 1 |
_aPijoan, José _4aut |
|
| 245 | 1 | 0 |
_aDejiny umenia. /Zv./ 3 _cJosé Pijoan ; Anna Škorupová, Ludmila Zapletalová, Juraj Žáry |
| 260 |
_aPraha _bOdeon _c1978 _ePraha _fSvoboda |
||
| 300 | _c30 cm | ||
| 500 | _aMimo edície. Fot. na front. a predsádkach. Reg. | ||
| 700 | 1 |
_aŠkorupová, Anna _4trl |
|
| 700 | 1 |
_aZapletalová, Ludmila _4bkd |
|
| 700 | 1 |
_aŽáry, Juraj _4oth |
|
| 044 | _aCZ | ||
| 958 | _aA | ||
| 999 |
_c13955 _d13955 |
||